000 00601nam a2200217 i 4500
001 bg
100 1 _aKURSKI, Witold
245 1 0 _aŻeglarstwo lodowe /
_cWitold Kurski ; Akademia Wychowania Fizycznego w Gdańsku.
260 _aGdańsk :
_bWydaw. Uczelniane AWF,
_c1993.
300 _a232 s. :
_brys. ;
_c21 cm.
504 _aBibliogr. przy rozdz.
650 9 _aŻeglarstwo
655 _aPodręczniki akademickie
020 _a8385968253
040 _cBPK
041 0 _apl
080 _a797.14(075.8)
920 _a83-85968-25-3
942 _cKS
008 s pl f |000 0 pol
999 _c24553
_d24553
856 _uhttp://koha.tu.koszalin.pl/cgi-bin/koha/opac-detail.pl?biblionumber=24553
_yKatalog online BPK